01327nam a2200277 a 4500001001000000003000900010005001700019008004100036020001500077040002500092082002600117100004200143245013200185260003600317300002100353500002100374500007000395650005400465651007300519700004700592942001400639952013400653952012000787952012500907999001701032000017765DO-SdBNP20211206122938.0100331s2003 dr 000 0 spa d a9993403768 aDO-SdBNPbspacBNPHU 4a920.729365bP419h2221 aPenzo, Gregorio Elíasd1922-93863610aHombres y mujeres notables y benefactores de Samaná 1493-1910 /cGregorio Elías Penzo ; prólogo Pedro Bartolomé Benoit. aSanto Domingo :bBúho,c2003. a216 p. ;c23 cm. aIncluye índice aIncluye datos biográficos del autor en la solapa de la cubierta 4aCiudades y pueblos zRepúlica Dominicana980824 4aSamaná (República Dominicana)xHistoria local y1493-19109386371 aBenoit, Pedro Bartolomé,epról.938639 2ddccLBS1 001054708DSaGRbGRcCTd2010-03-31iLF1l0o920.729365 P419hp17765-30r2020-06-25te.3w2020-06-25yLFDSZPréstamo en sala 0010718PDaPDbPDcCTd2010-03-31iLF1l0o920.729365 P419hp17765-10r2020-06-25w2020-06-25yLFPDZNo se presta 0010718PDaPDbPDcCTd2010-03-31iLF1l0o920.729365 P419hp17765-20r2020-06-25te.2w2020-06-25yLFPDZNo se presta c17290d17290